000 00381nam a22001337a 4500
999 _c130137
_d130137
008 200121b ||||| |||| 00| 0 eng d
050 _aPR3533.B622
100 _aBoswell, James
_948927
245 _aThe great cham
_cJames Boswell
260 _aLondon
_bG. Bell and Sons Ltd.
_c1933
300 _aviii, 255p. ;
_c18cm.
600 _aJohnson, Samuel
_948928
942 _2lcc
_cMONOGRAPH